| 000 | 00352nam a2200109Ia 4500 | ||
|---|---|---|---|
| 008 | 220216s9999 xx 000 0 und d | ||
| 100 | _aHegarty James | ||
| 245 | 0 | _aINRA III- Status, prospects and future buffer stock operations | |
| 260 | _bIRRDB Information Quarterly 1996 Part 4 p3-4 | ||
| 650 | _aInternational Natural Rubber Agreement | ||
| 942 | _cJS | ||
| 999 |
_c61436 _d61436 |
||